书目信息 |
| 题名: |
简易桥牌
|
|
| 作者: | 森林 著 | |
| 分册: | ||
| 出版信息: | 成都 蜀蓉棋艺出版社 1999 |
|
| 页数: | 154页 | |
| 开本: | 19cm | |
| 丛书名: | ||
| 单 册: | ||
| 中图分类: | G892.19 | |
| 科图分类: | ||
| 主题词: | 桥牌 | |
| 电子资源: | ||
| ISBN: | 7-80548-626-3 | |
| 000 | 00695nam0 2200205 45 | |
| 001 | 0405191582 | |
| 005 | 20040519153841.3 | |
| 010 | @a7-80548-626-3@dCNY7.00 | |
| 100 | @a20040519d1999 km y0chiy0120 ea | |
| 101 | 0 | @achi |
| 105 | @a z 000yy | |
| 200 | 1 | @a简易桥牌@AJian Yi Qiao Pai@e规范桥牌的基础,即学即会的牌戏@EGui Fan Qiao Pai De Ji Chu,Ji Xue Ji Hui De Pai Xi@f森林著@FSen Lin Zhu |
| 210 | @a成都@c蜀蓉棋艺出版社@d1999 | |
| 215 | @a154页@d19cm | |
| 517 | @a规范桥牌的基础,即学即会的牌戏@AGui Fan Qiao Pai De Ji Chu,Ji Xue Ji Hui De Pai Xi | |
| 606 | 0 | @a桥牌 |
| 690 | @aG892.19@v4 | |
| 701 | 0 | @a森林@4著 |
| 801 | @aCN@bPftUser@c20040519 | |
| 905 | @b333220-224@dG892.19@e181@f5 | |
| 简易桥牌:规范桥牌的基础,即学即会的牌戏/森林著.-成都:蜀蓉棋艺出版社,1999 |
| 154页;19cm |
| ISBN 7-80548-626-3:CNY7.00 |
| ● |
| 相关链接 |
|
|
|
|
正题名:简易桥牌
索取号:G892.19/181
 
预约/预借
| 序号 | 登录号 | 条形码 | 馆藏地/架位号 | 状态 | 备注 |
| 1 | 0333220 | 203332205 | 第四借阅区/ [索取号:G892.19/181] | 在馆 | |
| 2 | 0333221 | 203332214 | 第四借阅区/ [索取号:G892.19/181] | 在馆 | |
| 3 | 0333222 | 203332223 | 第四借阅区/ [索取号:G892.19/181] | 在馆 | |
| 4 | 0333223 | 203332232 | 第四借阅区/ [索取号:G892.19/181] | 在馆 | |
| 5 | 0333224 | 203332241 | 第一样本阅览室/ [索取号:G892.19/181] | 在馆 |